| 000 | 00874nam a2200253 a 4500 | ||
|---|---|---|---|
| 001 | 000024067 | ||
| 005 | 20200930022705.0 | ||
| 008 | 110118s1970 ve r 000 0 spa d | ||
| 040 |
_aDO-SdBNP _bspa _cBNPHU |
||
| 082 |
_a616.89 _bM665a |
||
| 100 | 1 |
_aMinkowski, Eugène, _qMinkowsk, E. _949447 |
|
| 245 | 1 | 0 |
_aAntropología de la alienación / _cE. Minkowski , V. E. Von Gebsattel , E. W. Straus ; traducción Sofía Elisa Lecca. |
| 260 |
_aCaracas : _bMonte Avila, _c1970. |
||
| 300 |
_a177 p. ; _c19 cm. |
||
| 500 | _aIncluye notas al pie de las páginas. | ||
| 650 | 4 |
_aPsicopatología _9672 |
|
| 650 | 4 |
_aTrastornos mentales _918252 |
|
| 650 | 4 |
_aAntropología social _92424 |
|
| 700 | 1 |
_aGebsattel, Víctor E. Von _949448 |
|
| 700 | 1 |
_aEugène Minkowski _949449 |
|
| 700 | 1 |
_aErwin W. Straus _949450 |
|
| 700 | 1 |
_aLecca, Sofía Elisa, _etr. _949451 |
|
| 049 | _aBNGR | ||
| 999 |
_c23562 _d23562 |
||